00639 2200229 4500001002100000005001700021008004100038020002200079035002500101040001200126082001000138084002000148100002000168245007000188250001100258260003800269300002700307500003100334650001100365850001200376990002100388INLIS00000000001948820160427092608.0  a978-602-229-599-0 a0010-041600000000492 aYOPDYOG a149.3 aDEP 149.3 Ott N aOTTO SUKATNO CR aNalar serta rasionalitas mistik dan ilmu gaibc/ Otto Sukatno CR. aCet.1. aYogyakartabPustaka Pelajarc2016 axii, 182 hlm.c; 21 cm aBibliografi : hlm. 173-177 aMistik aYOPDYOG aCB-D.11/2016-070